| 000 | 00592nam a2200169 i 4500 | ||
|---|---|---|---|
| 001 | 81739 | ||
| 003 | ES-MaACL | ||
| 005 | 20230906174513.0 | ||
| 007 | t| | ||
| 008 | 041105s1957 sp ||||1| spa d | ||
| 100 | 1 |
_aHyman, Harold Thomas. _964880 |
|
| 245 | 1 | 0 |
_aManual de diagnóstico diferencial del sistema a la enfermedad / _cpor Harold Thomas Hyman ; traducción española por Francisco Haro García. |
| 260 |
_aBarcelona : _bLabor, _c1957 ( _fIbero-Americanos) |
||
| 300 |
_aVIII, 595 p. ; _c22 cm. |
||
| 700 | 1 |
_aHaro García, Francisco. _961877 |
|
| 852 |
_aES-MaACL _jC-11902 _bR.40033 |
||
| 999 |
_c81739 _d81739 |
||